Countries that recognize the State of Palestine - Statistics

General Stats
  • This quiz has been taken 734 times
    43 since last reset
  • The average score is 109 of 158
Answer Stats
Hint Answer % Correct
Europe Russia
90%
Europe Spain
87%
Asia Afghanistan
84%
Asia China
84%
Africa Egypt
84%
Asia Jordan
84%
Europe United Kingdom
84%
Asia India
81%
Asia Indonesia
81%
Asia Iran
81%
Asia Iraq
81%
Asia Pakistan
81%
Asia Qatar
81%
Asia Bangladesh
77%
Europe France
77%
Asia Kuwait
77%
Africa Morocco
77%
Asia Oman
77%
Asia Syria
77%
Asia Turkey
77%
Europe Ukraine
77%
Asia Yemen
77%
Europe Albania
74%
North America Antigua and Barbuda
74%
Asia Armenia
74%
Oceania Australia
74%
Asia Bhutan
74%
Europe Bosnia and Herzegovina
74%
North America Canada
74%
Africa Democratic Republic of the Congo
74%
Asia Georgia
74%
Africa Ghana
74%
Europe Hungary
74%
Europe Ireland
74%
Asia Malaysia
74%
Africa Namibia
74%
Africa Niger
74%
Africa Nigeria
74%
Asia North Korea
74%
Europe Norway
74%
Europe Portugal
74%
Africa Senegal
74%
Europe Serbia
74%
Africa Somalia
74%
Africa South Africa
74%
Asia Sri Lanka
74%
Europe Sweden
74%
Africa Algeria
71%
Europe Andorra
71%
Africa Angola
71%
South America Argentina
71%
Asia Azerbaijan
71%
North America Bahamas
71%
North America Barbados
71%
Europe Belarus
71%
Europe Bulgaria
71%
Africa Chad
71%
Africa Comoros
71%
Africa Djibouti
71%
Africa Eswatini
71%
Africa Ethiopia
71%
North America Honduras
71%
Asia Kazakhstan
71%
Asia Kyrgyzstan
71%
Asia Laos
71%
Asia Lebanon
71%
Africa Libya
71%
Asia Saudi Arabia
71%
Africa Sudan
71%
Asia Thailand
71%
Africa Tunisia
71%
Asia United Arab Emirates
71%
Asia Uzbekistan
71%
Europe Vatican City
71%
Africa Zambia
71%
Asia Bahrain
68%
North America Belize
68%
Africa Benin
68%
Asia Brunei
68%
Africa Cape Verde
68%
Africa Central African Republic
68%
South America Colombia
68%
North America El Salvador
68%
Africa Guinea
68%
Africa Mali
68%
Africa Mauritius
68%
North America Mexico
68%
Europe San Marino
68%
Africa Seychelles
68%
Europe Slovenia
68%
Asia Tajikistan
68%
Africa Tanzania
68%
Africa Togo
68%
Asia Turkmenistan
68%
Asia Vietnam
68%
Africa Zimbabwe
68%
Africa Botswana
65%
South America Brazil
65%
Asia Cambodia
65%
North America Cuba
65%
Europe Czechia
65%
North America Dominica
65%
North America Dominican Republic
65%
South America Ecuador
65%
Africa Guinea-Bissau
65%
North America Haiti
65%
Africa Ivory Coast
65%
Africa Kenya
65%
Africa Lesotho
65%
Africa Madagascar
65%
Asia Maldives
65%
Europe Malta
65%
Africa Mauritania
65%
Asia Nepal
65%
South America Peru
65%
Europe Poland
65%
Europe Romania
65%
North America Saint Kitts and Nevis
65%
North America Saint Vincent and the Grenadines
65%
Africa São Tomé and Principe
65%
Europe Slovakia
65%
Africa South Sudan
65%
South America Suriname
65%
Africa Uganda
65%
Africa Burundi
61%
South America Chile
61%
Africa Congo
61%
North America Costa Rica
61%
Asia Cyprus
61%
Asia East Timor
61%
Africa Gabon
61%
Africa Gambia
61%
South America Guyana
61%
Europe Iceland
61%
Europe Monaco
61%
Asia Mongolia
61%
Africa Mozambique
61%
North America Nicaragua
61%
South America Paraguay
61%
Africa Rwanda
61%
North America Saint Lucia
61%
North America Trinidad and Tobago
61%
South America Uruguay
61%
South America Bolivia
58%
Africa Equatorial Guinea
58%
North America Grenada
58%
North America Guatemala
58%
North America Jamaica
58%
Africa Liberia
58%
Africa Malawi
58%
Europe Montenegro
58%
Oceania Papua New Guinea
58%
Africa Sierra Leone
58%
South America Venezuela
58%
Africa Burkina Faso
55%
Asia Philippines
55%
Europe Luxembourg
52%
Oceania Vanuatu
42%
No matching quizzes found
Score Distribution
Percent of People with Each Score
Percentile by Number Answered
Your Score History
You have not taken this quiz since the last reset